000 01254nam a2200325Ia 4500
005 20220627144216.0
008 210716s2009 xx 000 0 und d
020 _a9788177582604
040 _cAIMIT LIBRARY
041 _aeng
082 _a338.04
_21
_bCHAP
100 _aCharantimath, Poornima M.
_945442
245 _aEntrepreneurship development small business enterprises /
_cBy Poornima M Charantimath.
250 _a1st ed.
260 _aNew Delhi :
_bPearson Education ,
_c2009.
300 _axv, 523p. ;
_bPB :
_c24.2 cm.
650 _aModern Small Business Enterprises
_945443
650 _aEntrepreneurship
_945444
650 _aWomen Entrepreneurs
_945445
650 _aInstitutions Supporting Small Business Enterprises
_945446
650 _aSetting up a small Business Enterprise
_945447
650 _aFamily Business
_945448
650 _aSickness in small Enterprises
_945449
650 _aStrategic Management in small Business
_945450
650 _aFinancial Management in small Business
_945451
650 _aMarketing Management in Small Business
_945452
650 _aProduction Management in Small Business
_945453
650 _aHuman Resource Management in Small Business
_945454
942 _2ddc
_cBK
_e1st
_k338.04 CHAP
999 _c201581
_d201581